000 00703cam a22002531 4500
001 sa 64001342
003 DLC
005 20260227112002.0
008 891114s1963 ii b 000 0 hino
010 _asa 64001342
035 _a(OCoLC)20646655
040 _aDLC
_cWaU
_dDLC
042 _apremarc
050 0 0 _aPK3659
_b.M5
100 1 _aMiśra, Vidyā.
245 1 0 _aVālmīki Rāmāyaṇa.
260 _c[1963]
300 _a5, 4, 631 p.
_c26 cm.
440 0 _aSeṭha Bholārāma Sekasariyā smāraka granthamālā,
_v15
500 _aIn Hindi.
504 _aBibliographical footnotes.
600 0 0 _aVālmīki.
_tRāmāyaṇa.
600 0 0 _aTulasīdāsa,
_d1532-1623.
_tRāmacaritamānasa.
999 _c56705
_d56705